000 00542cam a22002174a 4500
005 20250605164309.0
008 250528s ||||||||||||||||||||||||d
035 _a22421
020 _a9789604116928
040 _aGR-AtMCL
_bgre
_dGR-AtMCL
_eAACR2
245 1 _aΛΕΙΤΟΥΡΓΙΚΑ ΣΥΣΤΗΜΑΤΑ
250 _a2
260 _bΊων,
_c2009
300 _a892
700 1 _aGagne Greg
_97367
700 1 _aGalvin Peter Baer
_97783
700 1 _aSilberschatz Abraham
_91853
942 _cBK
999 _c7473
_d7473